| 000 | 00695 a2200193 4500 | ||
|---|---|---|---|
| 010 | _aENG-89813 | ||
| 020 |
_a9788175414167 _c240.00 |
||
| 035 | _aEN-73346 | ||
| 037 | _bDBAD / PUB | ||
| 082 | 1 | 4 | _a370.954 |
| 090 |
_c11733 _d11733 |
||
| 100 | 1 | _aAggarwal, J. C. | |
| 245 | 1 |
_aEducation in the emerging Indian society: _cby J.C. Aggarwal _b(as per UGC, Haryana and other Universities curriculum)/ |
|
| 260 |
_aDelhi _bShipra Publications _c2008 |
||
| 270 |
_a115-A, Vikas Marg, Shakarpur _bDelhi _e110 092 |
||
| 300 |
_axiv, 472p. _c23 cm ( Pbk.) |
||
| 942 |
_adpl _cEN _k 370.954/ AGG |
||
| 999 |
_c11405 _d11405 |
||